LEADER 01865nam a2200349 u 4500 001 000000002607 003 CaOOAMICUS 005 20070226104441.0 008 940514s1989 it u000 u ita u 035 $a10065181 040 $aPUL(R)$bita 110 2 $aCentro studi Sanguis Christi (Roma).$bSettimana$n(6 :$d1987 :$cRoma).$0(OLS)http://pul/name/2775 245 10$aSangue e antropologia nella teologia :$batti della VI settimana, Roma, 23 - 28 novembre 1987 /$ca cura di Francesco Vattioni. 260 $aRoma :$bEdizioni Pia Unione Preziosissimo Sangue,$c1989. 300 $a3 v. ;$c24 cm 490 1 $aSangue e antropologia ;$v6 490 1 $aCentro Studi Sanguis Christi ;$v6 500 $aTit. del v. 3: Indici degli Atti 1-6. 650 4$aSangue (religione, folklore ecc.)$xCongressi.$0(OLS)http://pul/subject/2330 700 1 $aVattioni, Francesco.$0(OLS)http://pul/name/2774 830 0$aSangue e antropologia ;$v6.$0(OLS)http://pul/title/3835 830 0$aCentro Studi Sanguis Christi ;$v6.$0(OLS)http://pul/title/3836 850 $aPUL 852 $aPUL$W1$xSL Religione 1$y3$m68 C 6a-c$j3480$nBK-PRI$b $qStampati$B3480$CPULBib$Z2$F3480 $H $81 852 $aPUL$W1$xSL Religione 1$y3$m68 C 6a-c$j3480$nBK-PRI$b $qStampati$B3481$CPULBib$Z2$F3481 $H $81 852 $aPUL$W1$xSL Religione 1$y3$m68 C 6a-c$j3480$nBK-PRI$b $qStampati$B3482$CPULBib$Z2$F3482 $H $81 941 1 $a8 961 $aINV: 73448-73449-73450 961 $aINV: 73448-73449-73450 961 $aINV: 73448-73449-73450 996 $6245$aSangue e antropologia nella teologia :$batti della VI settimana, Roma, 23 - 28 novembre 1987$9(OLS)http://pul/title/3837 996 $6260$aRoma :$bEdizioni Pia Unione Preziosissimo Sangue$9(OLS)http://pul/publisher/49417 LEADER 01238nam a2200301 u 4500 001 000000085897 003 CaOOAMICUS 005 20070226124233.0 008 050923s1955 it u000 u ita u 035 $a11059587 040 $aPUL(R)$bita 041 1 $aita$hger 100 1 $aScheeben, Matthias Joseph,$d1835-1888.$0(OLS)http://pul/name/14574 240 10$aBr&TRautliche Gottesmutter.$lItaliano.$0(OLS)http://pul/title/111368 245 10$aSposa e madre di Dio /$cM. J. Scheeben, C. Feckes ; prefazione e traduzione del sac. dott. Giuseppe Carozzi. 260 $aBrescia :$bMorcelliana,$c1955. 300 $a279 p. ;$c19 cm 504 $aContiene indici. 600 04$aMaria Virgo,$cs.$0(OLS)http://pul/subject/500 700 1 $aCarozzi, Giuseppe.$0(OLS)http://pul/name/56285 700 1 $aFeckes, Karl,$d1894-1958.$0(OLS)http://pul/name/8501 850 $aPUL 852 $aPUL$W1$xDP1 Fondo Cecchetti$y53$m283 L 26$j109098$nBK-PRI$b $qFondi$B109098$CPULBib$Z2$F109098 $HPUL8094 $81 941 1 $a1 960 $aMariologia$9500 960 $aMariologia$9500 996 $6245$aSposa e madre di Dio$9(OLS)http://pul/title/111369 996 $6260$aBrescia :$bMorcelliana$9(OLS)http://pul/publisher/47854